Marvel's The Avengers Characters - Statistics

General Stats
  • This quiz has been taken 1,122 times
  • The average score is 9 of 9
Answer Stats
Actor/Actress Character Description Character % Correct
Robert Downey Jr. A self-described genius, billionaire, playboy, philanthropist with an electromechanical suit of armor of his own invention Iron Man
100%
Mark Ruffalo A genius scientist who, because of exposure to gamma radiation, transforms into a monster when enraged or agitated The Hulk
100%
Chris Evans A World War II veteren who was enhanced to the peak of human physicality by an experimental serum and frozen in suspended animation before waking up in the modern world Captain America
99%
Chris Hemsworth The crown prince of Asgard Thor
99%
Scarlett Johansson A highly trained and amazingly agile spy working for S.H.I.E.L.D. Black Widow
98%
Tom Hiddleston The adopted brother and nemisis of the crown prince of Asgard Loki
98%
Jeremy Renner A master archer working as an agent for S.H.I.E.L.D Hawkeye
97%
Samuel L. Jackson The eyepatch-wearing director of S.H.I.E.L.D. Nick Fury
94%
Clark Gregg An agent of S.H.I.E.L.D., who oversees many of the division's field operations Phil Coulson
69%
No matching quizzes found
Score Distribution
Percent of People with Each Score
Percentile by Number Answered
Your Score History
You have not taken this quiz